Fairy Tail Quiz (Difficult) - Statistics

General Stats
  • This quiz has been taken 110 times
  • The average score is 13 of 40
Answer Stats
Hints Answer % Correct
Natsu's brother Zeref
86%
The Black Dragon Acnologia
81%
The celestial spirit Lucy inherited form her mother Aquarius
70%
Strongest member of sabertooth Minerva
70%
The guild Laxus went to after Fairy Tail disbanded after the war with Tartaros Blue Pegasus
67%
Erza's Edolas Counterpart Erza Knightwalker
63%
Zeref's son August
62%
Ice devil slayer (Dark Mage) Silver
62%
Makarov's Son Ivan
60%
Wizard saint originating from Lamia Scale Jura
60%
5th guild master of Fairy Tail Gildarts
56%
The underworld king Mard Geer
52%
Racer's real name Sawyer
43%
His name refers to the Roman god of wine Bacchus
40%
Mavis Vermillion's birthplace Tenrou Island
39%
The spell Lucy casted to defeat Angel from the Orascion Seis Urano Metria
37%
8 different dragon slayer magics God Serena
36%
The jade dragon Zirconis
33%
Was known as the Cold Emperor Lyon
32%
Owner of Capricorn after Layla Heartfilia died Zoldeo
30%
Wielder of the spell Universe One Irene Belserion
26%
Leader of the 9 demon gates Kyoka
25%
13th Spirit Ophiucus
23%
Population of Fiore in X784 17 Million
17%
The spell Ultear used to turn back time Last Ages
17%
Wields Arc of Embodiment magic Rustyrose
15%
Spell that grants a boost in stregnth Arms
14%
Original founder of Phantom Lord Geoffrey
11%
Weilder of paper magic Kamika
11%
Rival guild of Lamia Scale Orochi Fin
10%
Author of the book Key of the Starry Heavens Will Neville
10%
Erza's most powerful armor Nakagami Armor
7%
The name of the magic weilded by Jenny Realight Machina Soul
6%
The item that allows Earth Land mages to use magic X Balls
6%
The spell that killed Simon Altairis
5%
The curse wielded by Tempester Calamity
4%
The name of the stadium where the Grand Magic Games take place Domas Flau
4%
The name of the angel that costs 40 angel coins Shamsiel
2%
The English name of Dorma Anim Dragon Armor
1%
Zero's (Orascion Seis) stronges spell Genisis Zero
1%
No matching quizzes found
Score Distribution
Percent of People with Each Score
Percentile by Number Answered
Your Score History
You have not taken this quiz